[Event "Mittelrhein Verbandsliga-W 17/18"]
[Site "Nordrheinwestfalen"]
[Date "2018.03.18"]
[Round "9.5"]
[White "Robotka, Matthias"]
[Black "Draftian, Ashote"]
[Result "0-1"]
[WhiteElo "1785"]
[BlackElo "2245"]
[PlyCount "62"]
[EventDate "2017.09.10"]
[EventType "team-tourn"]
[EventRounds "11"]
[EventCountry "GER"]
[SourceTitle "EXT 2022"]
[Source "ChessBase"]
[SourceDate "2021.10.06"]
[SourceVersion "1"]
[SourceVersionDate "2021.10.06"]
[SourceQuality "1"]
[WhiteTeam "Pulheim"]
[BlackTeam "Alsdorf SVG"]
[WhiteTeamCountry "GER"]
[BlackTeamCountry "GER"]

1. e4 c5 2. Nf3 e6 3. d4 cxd4 4. Nxd4 a6 5. c4 Nf6 6. Bd3 Nc6 7. Nxc6 dxc6 8. 0-0 e5 9. Qe2 Bc5 10. Be3 Qb6 11. Bxc5 Qxc5 12. Kh1 Bg4 13. f3 Be6 14. Nd2 a5 15. Rfd1 0-0 16. Nf1 Rfd8 17. Ne3 Rd7 18. Rd2 Rad8 19. Rad1 Ne8 20. b3 Qb4 21. Nf1 Nc7 22. Bc2 Rd4 23. Rxd4 exd4 24. Qd2 Na6 25. e5 g6 26. Qf4 Qc3 27. Rd2 d3 28. Qe3 Qxc2 29. Rxc2 dxc2 30. Qc1 Rd1 31. Qxc2 Rxf1# 0-1

[Event "Niederrhein-ch"]
[Site "Niederrhein"]
[Date "2006.04.15"]
[Round "9.10"]
[White "Robotka, Matthias"]
[Black "Guenner, Carsten"]
[Result "1/2-1/2"]
[WhiteElo "1737"]
[BlackElo "1922"]
[PlyCount "89"]
[EventDate "2006.04.07"]
[EventType "swiss"]
[EventRounds "9"]
[EventCountry "GER"]
[SourceTitle "CBM 111 Extra"]
[Source "ChessBase"]
[SourceDate "2006.05.09"]
[SourceVersion "1"]
[SourceVersionDate "2006.05.09"]
[SourceQuality "1"]

1. e4 e6 2. d4 d5 3. exd5 exd5 4. Bd3 Bd6 5. Nf3 Nf6 6. 0-0 0-0 7. Bg5 Bg4 8. Nbd2 Nbd7 9. c3 c6 10. Qc2 Qc7 11. h3 Bh5 12. Rfe1 Rfe8 13. Re3 Rxe3 14. Bxe3 Re8 15. Re1 Bf4 16. Bxf4 Rxe1+ 17. Nxe1 Qxf4 18. g3 Qc7 19. Ng2 Nf8 20. Nf4 Bg6 21. Nxg6 Nxg6 22. Kg2 Nf8 23. f4 Qe7 24. Nf3 Qe3 25. Qe2 Qxe2+ 26. Bxe2 Ne4 27. Ng5 Nd6 28. h4 h6 29. Nh3 g6 30. Kf3 h5 31. g4 hxg4+ 32. Kxg4 Kg7 33. Nf2 Nd7 34. Bd3 f5+ 35. Kf3 Ne4 36. Be2 Nxf2 37. Kxf2 Nf6 38. Ke3 Kf7 39. b3 Ke6 40. c4 Ke7 41. Kd3 Kd6 42. Bf3 b6 43. a3 Nh5 44. Ke3 Nf6 45. Kd3 1/2-1/2

[Event "Niederrhein-ch"]
[Site "Niederrhein"]
[Date "2006.04.08"]
[Round "2.8"]
[White "Hebeker, Friedrich Karl"]
[Black "Robotka, Matthias"]
[Result "1/2-1/2"]
[WhiteElo "1910"]
[BlackElo "1737"]
[PlyCount "62"]
[EventDate "2006.04.07"]
[EventType "swiss"]
[EventRounds "9"]
[EventCountry "GER"]
[SourceTitle "CBM 111 Extra"]
[Source "ChessBase"]
[SourceDate "2006.05.09"]
[SourceVersion "1"]
[SourceVersionDate "2006.05.09"]
[SourceQuality "1"]

1. c4 Nf6 2. g3 c5 3. Bg2 g6 4. Nc3 Bg7 5. a3 Nc6 6. Rb1 a5 7. Nh3 b6 8. b4 axb4 9. axb4 Ra7 10. b5 Nb4 11. d3 d5 12. 0-0 dxc4 13. dxc4 Qxd1 14. Rxd1 Be6 15. Nf4 Bxc4 16. Bc6+ Nd7 17. Ncd5 Nxd5 18. Nxd5 Bxd5 19. Rxd5 e6 20. Rxd7 Rxd7 21. Bg5 f6 22. Rd1 fxg5 23. Rxd7 Kf8 24. Rb7 Be5 25. Be4 Bd6 26. Rxb6 Ke7 27. Ra6 Rd8 28. Ra7+ Rd7 29. b6 Bb8 30. Ra8 Rd8 31. Ra7+ Rd7 1/2-1/2

[Event "Niederrhein-ch"]
[Site "Niederrhein"]
[Date "2006.04.07"]
[Round "1.8"]
[White "Robotka, Matthias"]
[Black "Heinert, Eugen"]
[Result "0-1"]
[WhiteElo "1737"]
[BlackElo "2115"]
[PlyCount "24"]
[EventDate "2006.04.07"]
[EventType "swiss"]
[EventRounds "9"]
[EventCountry "GER"]
[SourceTitle "CBM 111 Extra"]
[Source "ChessBase"]
[SourceDate "2006.05.09"]
[SourceVersion "1"]
[SourceVersionDate "2006.05.09"]
[SourceQuality "1"]

1. e4 e6 2. d4 d5 3. exd5 exd5 4. Bd3 Nc6 5. Ne2 Nb4 6. Bf4 Bd6 7. Bb5+ c6 8. Ba4 Bg4 9. f3 Bf5 10. c3 Nd3+ 11. Kf1 Nxf4 12. g4 Bd3 0-1